| 000 | 01269nam a2200361Mu 4500 | ||
|---|---|---|---|
| 001 | 79321 | ||
| 003 | BJBSDDR | ||
| 005 | 20240522150040.0 | ||
| 007 | ta | ||
| 008 | 080903s2008 dcu 000 0 spa d | ||
| 020 | _a9789588307299 | ||
| 020 | _a9588307295 | ||
| 035 | _a(OCoLC)ocn427529386 | ||
| 035 | _a(OCoLC)427529386 | ||
| 040 |
_aUNAMX _bspa _cUNAMX |
||
| 041 | 1 |
_aspa _heng |
|
| 050 | 1 | 4 |
_aHJ 8015 _bG393 2008 |
| 240 | 1 | 0 |
_aManaging public debt. _lEspañol |
| 245 | 0 | 0 |
_aGestión de la deuda pública : _b[del diagnóstico a la implementación de las reformas] / _cBanco Mundial ; traducción, Rafael Suarez Camacho. |
| 260 |
_aWashington : _bBanco Mundial ; _aBogotá, Colombia : _bMayol Ediciones, _c2008. |
||
| 300 |
_axvi, 107 páginas ; _c23 cm. |
||
| 500 | _aTraducción de: Managing Public Debt. | ||
| 500 | _aNotas al pie del texto. | ||
| 504 | _aIncluye bibliografía. | ||
| 650 | 4 |
_aDeuda pública _zPaíses en desarrollo _92285 |
|
| 650 | 4 |
_aDeuda pública _xEstudios comparados _936108 _y2003-2009 |
|
| 650 | 4 |
_aAdministración de la deuda pública _936107 |
|
| 650 | 4 |
_aRiesgo (Economía) _914254 |
|
| 700 | 1 |
_aSuárez Camacho, Rafael _etraductor _936109 |
|
| 710 | 2 |
_aBanco Mundial _99891 |
|
| 942 |
_2lcc _cBK |
||
| 946 | _amm | ||
| 999 |
_c47493 _d47493 |
||